Riadenie úverového rizika banky v podmienkach globálnej finančnej krízy bakalárska práca

Na minha lista:
Detalhes bibliográficos
Autor principal: Svoreň, Peter
Autor Corporativo: Fakulta podnikového manažmentu EU. Katedra podnikových financií
Outros Autores: Vavrová, Katarína, 1960-
Formato: Livro
Idioma:eslovaco
Publicado em: Bratislava 2014
Tags: Adicionar Tag
Sem tags, seja o primeiro a adicionar uma tag!

MARC

LEADER 00000nbm a2200000 4500
001 0189693
005 20170201093550.6
041 0 |a slo 
044 |a SK 
245 1 0 |a Riadenie úverového rizika banky v podmienkach globálnej finančnej krízy  |b bakalárska práca  |c Peter Svoreň ; školiteľ: Katarína Vavrová 
264 1 |a Bratislava  |c 2014 
300 |a 49 s. 
100 1 |a Svoreň, Peter 
700 1 |a Vavrová, Katarína, 1960- 
710 2 |a Fakulta podnikového manažmentu EU. Katedra podnikových financií